| 000 | 01614nam a2200301 i 4500 | ||
|---|---|---|---|
| 001 | 000006396 | ||
| 003 | DO-SdBNP | ||
| 005 | 20260305073950.0 | ||
| 007 | ta | ||
| 008 | 090828s1985 dr 000 0 spa d | ||
| 040 |
_aDO-SdBNP _bspa _cBNPHU _erda |
||
| 082 | 4 |
_a333.317293 _bP933f _222 |
|
| 245 | 0 | 0 |
_aPresente y futuro de la reforma agraria en la República Dominicana / _ceditor Frank Moya Pons ; edición Jeannete Carals. |
| 264 |
_aSanto Domingo : _bFORUM, _c1985. |
||
| 300 |
_a169 páginas ; _c22 cm. |
||
| 336 |
_2rdacontent _atexto _btxt |
||
| 337 |
_2rdamedia _asin mediación _bn |
||
| 338 |
_2rdacarrier _avolumen _bnc |
||
| 490 |
_aFORUM _v15 |
||
| 500 | _aExposiciones presentadas en el ¨Encuentro sobre el Presente y Futuro de la Reforma Agraria en la República Dominicana¨, celebrado por FORUM en el Hotel Santo Domingo Sur, el lunes 16 de julio de 1984 | ||
| 505 | 0 | _aPresentación -- Palabras del Dr. Eduardo Latorre -- Introdución / Frank Moya Pons -- Administración en la reforma agraria /Norberto A. Quezada -- Reforma agraria : una estrategia frente a la crisis / Francisco T. Rodríguez -- Debate -- Estrategias administrativas para la reforma agraria / Manuel de Ovín Filpo -- Debate -- Manejo de los asentamientos agrarios : reflexiones y alternativas /Domingo Marte -- Debate. | |
| 590 | _aInventariado, 2020/BT | ||
| 650 | 4 |
_aReforma agrária _zRepública Dominicana _vCongresos, conferencias, etc. _917781 |
|
| 700 | 1 |
_aCarals, Jeannete _eedición _917782 |
|
| 700 | 1 |
_aMoya Pons, Frank, _d1944- _eeditor _92095 |
|
| 910 | _aValidado. Control de calidad MFF | ||
| 942 |
_2ddc _cLBS1 |
||
| 999 |
_c6191 _d6191 |
||